00477nam a2200157Ia 450000500170000000800410001708200130005810000170007124500190008826000390010730000130014650000460015994200060020595200950021199900130030620250429041245.0240331s9999 xx 000 0 und d a294bIDA aIdamarugu, J 0aBhramana mdham aChennaibAlaikal Veliyitagamc1995 a256 p ., aBhiraamana mathathin thotramum valarchium cL 001040708LaWERCLbWERCLcSSCd2024-03-31l0o 294 IDAp2226r2024-03-31w2024-03-31yL c958d958